Reales ordenanzas para la Dirección Rejimen y Gobierno del Importante Cuerpo de la Mineria de Nueva España y de su Tribunal Jeneral de Orden de su Majestad
Wedi'i Gadw mewn:
| Fformat: | Llyfr |
|---|---|
| Iaith: | Sbaeneg |
| Cyhoeddwyd: |
Madrid
Imprenta de la Opinion
1783
|
| Rhifyn: | 1a. ed |
| Pynciau: | |
| Tagiau: |
Ychwanegu Tag
Dim Tagiau, Byddwch y cyntaf i dagio'r cofnod hwn!
|
MARC
| LEADER | 00000cam a2200000 a 4500 | ||
|---|---|---|---|
| 001 | UCD8490 | ||
| 003 | CL-VaPUC | ||
| 008 | 170512e17830000sp |||||||||||||||||spa|d | ||
| 082 | 0 | 4 | |a 343.077 |b REA |2 21 |
| 245 | 1 | 0 | |a Reales ordenanzas para la Dirección Rejimen y Gobierno del Importante Cuerpo de la Mineria de Nueva España y de su Tribunal Jeneral de Orden de su Majestad |
| 250 | |a 1a. ed | ||
| 300 | |a 36 p | ||
| 942 | |c BK | ||
| 945 | |d 20170512 22:27:00 |a arojas | ||
| 260 | |a Madrid |b Imprenta de la Opinion |c 1783 | ||
| 650 | 0 | |a Minería |9 326008 | |
| 650 | 7 | |a ORDENANZAS |2 CL-VaPUC |9 367366 | |
| 650 | 0 | |a Derecho minero |9 257109 | |
| 650 | 0 | |a Jurisprudencia |9 255952 | |
| 650 | 0 | |a Ordenamiento jurídico |9 355371 | |
| 583 | |a last modification |c 20170512 22:27:00 |k Rodrigo Vera | ||
| 999 | |c 367927 |d 367925 | ||
| 952 | |0 0 |1 0 |3 erd |4 0 |6 343_077000000000000_REA_1783 |7 0 |8 X |9 483131 |a BIBDER |b BIBDER |i 5375347 |o 343.077 REA 1783 |p 5375347 |r 2023-01-25 |w 2019-11-24 |y BK_X |z Catalogado en:20170512 |k DER | ||